000
00300nam a2200097Ia 4500
008
220204s9999 xx 000 0 und d
082
_a
519.248:061.3
_b
WOR
245
0
_a
Workshop on statistical quality control (SQC) application Part 2
260
_a
New Delhi
_b
TQM consultants India Pvt Ltd
942
_c
BK
999
_c
43777
_d
43777